Normal view
MARC view
- Criticism
Entry Topical Term
001 - CONTROL NUMBER
- control field: 51
003 - CONTROL NUMBER IDENTIFIER
- control field: JO-AjAnu
005 - DATE AND TIME OF LATEST TRANSACTION
- control field: 20230606070317.0
008 - FIXED-LENGTH DATA ELEMENTS
- fixed length control field: 230606|| aca||aabn | a|a d
040 ## - CATALOGING SOURCE
- Original cataloging agency: JO-AjAnu
- Transcribing agency: JO-AjAnu
150 ## - HEADING--TOPICAL TERM
- Topical term or geographic name entry element: Criticism
670 ## - SOURCE DATA FOUND
- Source citation: Work cat.: (JO-AjAnu)29: EDITED BY: DRAPER, R.P, author 50, Tragedy Developments in Criticism